00482nam a2200145Ia 4500003000900000008004100009040001600050080001300066100001900079245012900098260003200227300001500259650004100274650002100315IN-BaIIA211028s9999 xx 000 0 eng d cIIA Library a535bSTO aStone, John M. 0aRadiation and opticsban Introduction to the classical theorycJohn M. Stone  aNew YorkbMcGraw-Hillc1963 axvi, 544p. aAstronomy and Astrophysics Thesaurus aOptics Radiation